[Event "Swiss Queens Wed #48"]
[Site "FIDE Online Arena INT"]
[Date "2024.12.25"]
[Round "8"]
[White "Ambartsumova, Karina"]
[Black "Salimova, Nurgyul"]
[Result "0-1"]
[WhiteElo "2405"]
[BlackElo "2402"]
[PlyCount "134"]
[EventDate "2024.12.25"]
[EventType "swiss (blitz)"]
[EventRounds "11"]
[EventCountry "NET"]
[SourceTitle "CB02_2025"]
[SourceDate "2025.01.08"]
[SourceVersion "1"]
[SourceVersionDate "2025.01.08"]
[SourceQuality "1"]

1. Nf3 d5 2. c4 d4 3. e3 Nc6 4. exd4 Nxd4 5. Nxd4 Qxd4 6. Nc3 c6 7. d3 e5 8. Be3 Qd8 9. Be2 Nf6 10. d4 exd4 11. Qxd4 Qa5 12. 0-0 Be7 13. a3 0-0 14. Rad1 Be6 15. h3 Qf5 16. Qf4 Qc2 17. Rd2 Qb3 18. c5 Rfd8 19. Rfd1 Re8 20. Qb4 a5 21. Qxb3 Bxb3 22. Rc1 Rad8 23. Bd1 Rxd2 24. Bxd2 Bxd1 25. Nxd1 Ne4 26. Be3 Rd8 27. Nc3 Nxc5 28. Bxc5 Bxc5 29. Ne4 Bd4 30. Rc2 Rd5 31. g4 f6 32. Kg2 Kf7 33. Nd2 a4 34. Nc4 Ke6 35. Re2+ Kf7 36. Rd2 Bc5 37. Rc2 Be7 38. Re2 Rd4 39. Ne3 Re4 40. Rc2 Re6 41. Nf5 g6 42. Ne3 b5 43. Rd2 Bc5 44. Nd1 Rd6 45. Rxd6 Bxd6 46. Kf3 Be5 47. Ke4 Ke6 48. f4 f5+ 49. gxf5+ gxf5+ 50. Ke3 Bf6 51. Kd3 c5 52. Kc2 Kd5 53. Nf2 Bd4 54. Nd3 Ke4 55. Kd2 c4 56. Nb4 Bxb2 57. Nc6 Bxa3 58. Na7 Bb4+ 59. Kc2 a3 60. Nxb5 a2 61. Kb2 Kxf4 62. Kxa2 Kg3 63. Nd4 f4 64. h4 f3 65. h5 f2 66. Nf5+ Kf4 67. Nd4 f1Q 0-1

[Event "Swiss Queens Wed #48"]
[Site "FIDE Online Arena INT"]
[Date "2024.12.25"]
[Round "4"]
[White "Arabidze, Meri"]
[Black "Salimova, Nurgyul"]
[Result "1-0"]
[WhiteElo "2457"]
[BlackElo "2402"]
[PlyCount "33"]
[EventDate "2024.12.25"]
[EventType "swiss (blitz)"]
[EventRounds "11"]
[EventCountry "NET"]
[SourceTitle "CB02_2025"]
[SourceDate "2025.01.08"]
[SourceVersion "1"]
[SourceVersionDate "2025.01.08"]
[SourceQuality "1"]

1. d4 d5 2. Bg5 f6 3. Bf4 c5 4. e3 Nc6 5. Nf3 Qb6 6. Nc3 cxd4 7. exd4 Bg4 8. Nxd5 Qa5+ 9. Nc3 0-0-0 10. d5 e5 11. Bd2 Nd4 12. Be2 Nxe2 13. Qxe2 Bb4 14. Qc4+ Kb8 15. Qxg4 Ne7 16. a3 f5 17. Qxb4 1-0

[Event "Swiss Queens Wed #48"]
[Site "FIDE Online Arena INT"]
[Date "2024.12.25"]
[Round "5"]
[White "Salimova, Nurgyul"]
[Black "Jimenez Salas, Maria Teresa"]
[Result "1-0"]
[WhiteElo "2402"]
[BlackElo "2012"]
[PlyCount "55"]
[EventDate "2024.12.25"]
[EventType "swiss (blitz)"]
[EventRounds "11"]
[EventCountry "NET"]
[SourceTitle "CB02_2025"]
[SourceDate "2025.01.08"]
[SourceVersion "1"]
[SourceVersionDate "2025.01.08"]
[SourceQuality "1"]

1. d4 d5 2. Nf3 Nf6 3. c4 c6 4. Nc3 e6 5. g3 Nbd7 6. Bg2 dxc4 7. a4 a5 8. 0-0 Be7 9. e4 0-0 10. Qe2 Nb6 11. Rd1 Nfd7 12. Bf4 Bb4 13. Nd2 Qe7 14. Nxc4 Nxc4 15. Qxc4 e5 16. Be3 exd4 17. Bxd4 Ne5 18. Qe2 Bg4 19. f3 Bh5 20. g4 Bg6 21. f4 Bxc3 22. bxc3 Nd7 23. f5 c5 24. Bf2 Ne5 25. Rd5 b6 26. Bg3 Nd7 27. fxg6 fxg6 28. Bd6 1-0

[Event "Swiss Queens Wed #48"]
[Site "FIDE Online Arena INT"]
[Date "2024.12.25"]
[Round "9"]
[White "Shubenkova, Veronika"]
[Black "Salimova, Nurgyul"]
[Result "0-1"]
[WhiteElo "2024"]
[BlackElo "2402"]
[PlyCount "68"]
[EventDate "2024.12.25"]
[EventType "swiss (blitz)"]
[EventRounds "11"]
[EventCountry "NET"]
[SourceTitle "CB02_2025"]
[SourceDate "2025.01.08"]
[SourceVersion "1"]
[SourceVersionDate "2025.01.08"]
[SourceQuality "1"]

1. d4 d5 2. e3 Nf6 3. f4 g6 4. Nf3 Bg7 5. Bd3 c5 6. c3 0-0 7. Nbd2 b6 8. Qe2 a5 9. Ne5 Ba6 10. 0-0 Bxd3 11. Qxd3 e6 12. a4 Qc8 13. b3 Qa6 14. Ba3 Rc8 15. c4 cxd4 16. exd4 Nc6 17. Rac1 dxc4 18. bxc4 Nb4 19. Qf3 Rd8 20. Nb3 Rac8 21. Rfd1 Nd7 22. c5 Bxe5 23. fxe5 bxc5 24. Nxc5 Nxc5 25. dxc5 Rxd1+ 26. Rxd1 Qc4 27. Qf2 Qb3 28. Qf3 Qxf3 29. gxf3 Rxc5 30. Rd8+ Kg7 31. Ra8 Rd5 32. Rb8 Rd3 33. Bxb4 axb4 34. Rxb4 Rxf3 0-1

[Event "Shymkent FIDE GP (Women)"]
[Site "Shymkent"]
[Date "2024.11.02"]
[Round "4"]
[White "Koneru, Humpy"]
[Black "Salimova, Nurgyul"]
[Result "1-0"]
[WhiteElo "2530"]
[BlackElo "2405"]
[PlyCount "127"]
[EventDate "2024.10.30"]
[EventType "tourn"]
[EventRounds "9"]
[EventCountry "KAZ"]
[EventCategory "10"]
[SourceTitle "CB45_2024"]
[Source "ChessBase"]
[SourceDate "2024.11.06"]
[SourceVersion "1"]
[SourceVersionDate "2024.11.06"]
[SourceQuality "1"]

1. c4 e6 2. Nc3 d5 3. d4 Nf6 4. cxd5 exd5 5. Bg5 Be7 6. e3 0-0 7. Bd3 Re8 8. Nf3 h6 9. Bf4 c5 10. dxc5 Bxc5 11. 0-0 Nc6 12. h3 a6 13. Rc1 Ba7 14. Ne2 Ne4 15. Ned4 Nxd4 16. exd4 g5 17. Bc7 Qf6 18. Be5 Qb6 19. Bxe4 dxe4 20. Nd2 Qg6 21. Qb3 Be6 22. Qxb7 f6 23. Bc7 Bxd4 24. Nxe4 Ra7 25. Qc6 Rxc7 26. Nxf6+ Bxf6 27. Qxc7 g4 28. hxg4 Bxg4 29. Qc6 Rf8 30. Qd5+ Kh8 31. Rc6 Qg7 32. b4 Bh4 33. Qd6 h5 34. f3 Bf6 35. Rc7 Bd4+ 36. Kh1 Be5 37. Rxg7 Bxd6 38. Rg6 Bg3 39. Rxa6 Bf5 40. Rd1 Kg7 41. b5 Re8 42. b6 Re2 43. Ra5 Kf6 44. a4 h4 45. b7 h3 46. Rg1 Bd7 47. Ra6+ Kf5 48. Rb6 Bb8 49. a5 Ra2 50. a6 Kf4 51. Rf6+ Ke3 52. Rf8 hxg2+ 53. Rxg2 Ra1+ 54. Rg1 Rxa6 55. Rxb8 Rh6+ 56. Kg2 Rg6+ 57. Kh2 Rh6+ 58. Kg3 Rg6+ 59. Kh4 Rxg1 60. Re8+ Bxe8 61. b8Q Rh1+ 62. Kg3 Bh5 63. Qf4+ Kd3 64. Kg2 1-0

[Event "Shymkent FIDE GP (Women)"]
[Site "Shymkent"]
[Date "2024.10.30"]
[Round "1"]
[White "Salimova, Nurgyul"]
[Black "Assaubayeva, Bibissara"]
[Result "0-1"]
[WhiteElo "2405"]
[BlackElo "2487"]
[PlyCount "82"]
[EventDate "2024.10.30"]
[EventType "tourn"]
[EventRounds "9"]
[EventCountry "KAZ"]
[EventCategory "10"]
[SourceTitle "CB45_2024"]
[Source "ChessBase"]
[SourceDate "2024.11.06"]
[SourceVersion "1"]
[SourceVersionDate "2024.11.06"]
[SourceQuality "1"]

1. d4 Nf6 2. Nf3 g6 3. g3 c5 4. Bg2 Bg7 5. c4 cxd4 6. Nxd4 Nc6 7. 0-0 h5 8. Nc3 h4 9. c5 hxg3 10. hxg3 Rh5 11. Nb3 d6 12. cxd6 Bh3 13. Bxh3 Rxh3 14. d7+ Nxd7 15. Bf4 Qc8 16. Kg2 Nf6 17. Rh1 Rxh1 18. Qxh1 Nh5 19. Be3 Ne5 20. f3 Nc4 21. Bf2 Nxb2 22. Ne4 Qe6 23. Rc1 b6 24. Qh4 Rc8 25. Rxc8+ Qxc8 26. Qg5 Nf6 27. Nxf6+ Bxf6 28. Qd5 Kf8 29. Nd4 Qc4 30. Qxc4 Nxc4 31. Nb5 a5 32. a4 Ke8 33. f4 Kd7 34. e4 e6 35. e5 Be7 36. Kf3 Kc6 37. Bd4 Kd5 38. Bf2 Bc5 39. Be1 Nb2 40. Nc3+ Kc6 41. Ne4 Be7 0-1

[Event "EU-Cup (Women) 28th"]
[Site "Vrnjacka Banja"]
[Date "2024.10.23"]
[Round "4.2"]
[White "Salimova, Nurgyul"]
[Black "Velikic, Adela"]
[Result "0-1"]
[WhiteElo "2405"]
[BlackElo "2253"]
[PlyCount "160"]
[EventDate "2024.10.20"]
[EventType "team-swiss"]
[EventRounds "7"]
[EventCountry "SRB"]
[SourceTitle "CB44_2024"]
[Source "Chessbase"]
[SourceDate "2024.10.30"]
[SourceVersion "1"]
[SourceVersionDate "2024.10.30"]
[SourceQuality "1"]
[WhiteTeam "Sremska Mitrovica Sirmium (W)"]
[BlackTeam "Crvena Zvezda (W)"]
[WhiteTeamCountry "SRB"]
[BlackTeamCountry "SRB"]

1. d4 Nf6 2. Nf3 d5 3. c4 e6 4. Nc3 Bb4 5. g3 dxc4 6. Bg2 b5 7. Nd2 c6 8. Nxb5 Ba6 9. Nc3 Qxd4 10. 0-0 Nd5 11. e3 Qb6 12. Qc2 0-0 13. Rd1 Nd7 14. Na4 Qb5 15. Nf3 N7b6 16. Nxb6 Qxb6 17. e4 Ne7 18. Be3 Bc5 19. Bxc5 Qxc5 20. Bf1 Rad8 21. Rac1 Rxd1 22. Rxd1 Nc8 23. Rd7 Qa5 24. e5 h6 25. a3 Bb5 26. Qd2 Qxd2 27. Nxd2 Nb6 28. Rd6 Nc8 29. Rd7 Nb6 30. Rd6 Rb8 31. h4 Kf8 32. Kg2 Ke7 33. Ne4 Na4 34. Rd2 Ba6 35. Rd4 Rxb2 36. Nd6 c5 37. Rf4 f6 38. Nxc4 Bb7+ 39. Kh3 Rb1 40. Nd2 Rb2 41. Rxa4 Rxd2 42. Rxa7 Rd7 43. exf6+ gxf6 44. Ra4 f5 45. g4 Bc6 46. Rf4 Rd1 47. Be2 Rd2 48. Bc4 Kf6 49. Kg3 Ke5 50. g5 hxg5 51. hxg5 Rd1 52. f3 Rg1+ 53. Kf2 Rxg5 54. Rh4 Rg7 55. f4+ Kd6 56. Rh8 Ra7 57. Rd8+ Kc7 58. Rd3 Be4 59. Rc3 Kd6 60. Ke3 Ra5 61. Kd2 Bd5 62. Bd3 Ra4 63. Ke3 c4 64. Bc2 Ra7 65. Kd4 Rh7 66. Bd1 Rh4 67. Ke3 Kc5 68. Be2 Rh2 69. Bf1 Rh1 70. Be2 Rh4 71. Bd1 e5 72. fxe5 Re4+ 73. Kd2 Rxe5 74. Bf3 Kd4 75. a4 f4 76. a5 Re3 77. Rxe3 fxe3+ 78. Ke2 Bxf3+ 79. Kxf3 c3 80. a6 c2 0-1